000 00659nam a2200241Ia 4500
003 OSt
005 20221007062405.0
006 a|||||r|||| 00| 0
007 ta
008 221006b |||||||| |||| 00| 0 eng d
024 _a20,311
037 _cReference Collections
040 _aFLL
_cFLL
_beng
041 _2eng
_aeng
082 _aZ2,25, N8
100 _aKatiyar's B.B. Au.
_9682729
245 0 _aLaw of easements and licences
250 _a12th
260 _aAllahabad
_bLaw book company India
_c1998
300 _a872p
_ccm.
942 _hZ2,25, N8
_cREF
_2CC
999 _c1128479
_d1128479